UBT Library

Die internationale Kontrahierungspolitik : (Record no. 306)

000 -LEADER
fixed length control field 00640nam a22001817a 4500
008 - FIXED-LENGTH DATA ELEMENTS--GENERAL INFORMATION
fixed length control field 131114b xxu||||| |||| 00| 0 eng d
020 ## - INTERNATIONAL STANDARD BOOK NUMBER
International Standard Book Number 3854284039
041 0# - LANGUAGE CODE
Language code of text/sound track or separate title ger
080 ## - UNIVERSAL DECIMAL CLASSIFICATION NUMBER
Universal Decimal Classification number 339.9
100 1# - Rafti
Rafti Preßlmayer, Martina
245 10 - TITLE STATEMENT
Title Die internationale Kontrahierungspolitik :
Statement of responsibility, etc Martina Preßlmayer
260 ## -
-- Wien :
-- Service Fachverlag ;
-- 1999.
300 ## -
-- 397 f. :
-- 24 cm.
500 ## -
-- Einleitung : f. 19 - 20
505 ## -
-- Literaturverzeichnis : f. 339 - 357
650 #0 -
-- Politika ndërkombëtare.
942 ## - ADDED ENTRY ELEMENTS (KOHA)
Source of classification or shelving scheme
Item type Books
Holdings
Withdrawn status Lost status Source of classification or shelving scheme Damaged status Not for loan Collection code Permanent location Current location Shelving location Date acquired Total Checkouts Full call number Barcode Date last seen Koha item type
          Koleksioni i përgjithshem UBT - Prishtine UBT - Prishtine Koleksioni i përgjithshem 11/14/2013   339.9 PRE 001-000386 11/14/2013 Books
UBT Library © 2015-2024. All rights reserved University Education for Business and Technology